Famosos por sus apellidos! #2 - Estadísticas

Estadísticas generales
  • Esta prueba ha sido intentada 119 veces
    84 desde el último reinicio
  • La puntuación promedio es 37 de 50
Estadísticas de respuestas
Apellido Nombre % Correcto
Trump Donald
99%
Lipa Dua
97%
Gaga Lady
97%
Grande Ariana
94%
Eilish Billie
94%
Styles Harry
93%
Khalifa Mia
93%
Aguilera Christina
91%
Jordan Michael
91%
Jolie Angelina
90%
Marley Bob
90%
Lennon John
90%
De Cervantes Miguel
90%
Disney Walt
90%
Mars Bruno
88%
Efron Zac
88%
Cena John
86%
Minaj Nicki
86%
Maradona Diego
84%
Kahlo Frida
83%
Dalí Salvador
83%
Evans Chris
80%
Watson Emma
80%
Luther King Martin
78%
Putin Vladimir
78%
Dylan Bob
77%
Bowie David
77%
Diesel Vin
77%
Dion Celine
75%
Fox Megan
75%
Cruz Pénelope
75%
Bardem Javier
74%
Bezos Jeff
74%
Gomez Selena
74%
Cobain Kurt
71%
Portman Natalie
71%
Roberts Julia
68%
Malone Post
68%
Keys Alicia
65%
Van Gogh Vincent
65%
Cage Nicolas
62%
Turner Tina
62%
Hardy Tom
51%
Lopez Jennifer
46%
Michael George
45%
Starr Ringo
36%
Scott Travis
33%
Magno Carlo
32%
Hawk Tony
17%
Abloh Virgil
6%
No se encontraron pruebas coincidentes
Distribución de puntuación
Porcentaje de gente con cada puntuación
Porcentaje por número respondido
Historial de tus puntuaciones
No has intentado esta prueba desde el último reinicio